Missing Word: Best Films of the '00s Quiz Stats

 Plays Quiz Updated Oct 24, 2012

Support Sporcle.
Go Orange.
Score 0/24 Timer 03:00
1 Play Today
Movie Missing Word % Correct
Kill ____ Vol. 1Bill
97.6%
No ____ for Old MenCountry
92.7%
Crouching ____, Hidden DragonTiger
90.8%
The ____ KnightDark
87%
There Will Be ____Blood
85.1%
Eternal ____ of the Spotless MindSunshine
80.8%
____ LabyrinthPan's
73.5%
____ MountainBrokeback
72.7%
The ____ TenenbaumsRoyal
72.3%
Punch-Drunk ____Love
71.3%
Almost ____Famous
67.6%
The Man Who Wasn't ____There
54.7%
Movie Missing Word % Correct
____ of MenChildren
39.8%
American ____Psycho
38.2%
A History of ____Violence
36.7%
Y Tu ____ TambiénMamá
32.2%
Grizzly ____Man
31.9%
25th ____Hour
24.1%
____ AwaySpirited
18.3%
The ____ and the WhaleSquid
17.9%
Before ____Sunset
17.7%
The New ____World
12.1%
____ Dr.Mulholland
8.7%
Capturing the ____Friedmans
6.9%

Today's Daily Dose

Missing Word
'80s Musicals

Word Ladder
Hereditary

Get the Picture
Food Names

From the Vault

'Pig' Vocabulary

by peterzonta97

All we know is that if pigs could fly, the price of bacon would soar.
Remove Ads.
Support Sporcle.
Get the best of Sporcle when you Go Orange. This ad-free experience offers more features, more stats, and more fun while also helping to support Sporcle. Thank you for becoming a member.

Show Comments

Extras

Top Quizzes Today


Score Distribution

Your Account Isn't Verified!

In order to create a playlist on Sporcle, you need to verify the email address you used during registration. Go to your Sporcle Settings to finish the process.

Report this User

Report this user for behavior that violates our Community Guidelines.

Details: